Three sermons lately preached at Boston : I. Shewing the vertue of Christs blood to cleanse from sin. II. That natural men are under the government of self-love. III. That the Gospel is the means of conversion. To which a fourth is added, to stir up young men and maidens to praise the name of the Lord. By Solomon Stoddard A.M. Pastor of Northampton.

Bibliographic Details
Main Author: Stoddard, Solomon, 1643-1729
Corporate Author: Gale (Firm)
Other Authors: Green, Bartholomew, 1667-1732 (Printer)
Format: eBook
Language:English
Subjects:
Online Access:Connect to the full text of this electronic book

MARC

Tag First Indicator Second Indicator Subfields
LEADER 00000cam a2200000 4500
001 in00003878521
005 20190415192830.0
006 m o d
007 cr |n||||||||n
008 830413s1717 xxu|||| o 00| | eng c
035 |a (CU-RivES)W28097 
035 |a (Uk-ES)006454178 
035 |a (OCoLC)511159953 
040 |a MWA  |c MWA  |d CU-RivES  |d CStRLIN  |d Cengage Gale  |d UtOrBLW 
050 4 |a Z1215  |b .S763 1717 
100 1 |a Stoddard, Solomon,  |d 1643-1729.  |0 http://id.loc.gov/authorities/names/n80162426 
245 1 0 |a Three sermons lately preached at Boston :  |b I. Shewing the vertue of Christs blood to cleanse from sin. II. That natural men are under the government of self-love. III. That the Gospel is the means of conversion. To which a fourth is added, to stir up young men and maidens to praise the name of the Lord. By Solomon Stoddard A.M. Pastor of Northampton. 
264 3 |a Boston in N.E. :  |b Printed by B. Green, for Daniel Henchman, sold at his shop over against the brick meeting house,  |c 1717. 
300 |a 1 online resource (2 unnumbered pages, 118 pages)  
336 |a text  |b txt  |2 rdacontent 
337 |a computer  |b c  |2 rdamedia 
338 |a online resource  |b cr  |2 rdacarrier 
509 |a Signatures: A-K⁶ 
510 4 |a Evans,  |c 1930 
510 4 |a Sabin,  |c 91965 
510 4 |a English Short Title Catalog,  |c W28097. 
500 |a Reproduction of original from Boston Public Library. 
500 |a Electronic resource. 
655 7 |a Electronic books.  |2 local 
655 7 |a Sermons  |x Collections.  |2 rbgenr 
650 0 |a Sermons, American  |y 18th century. 
700 1 |a Green, Bartholomew,  |d 1667-1732,  |e printer.  |0 http://id.loc.gov/authorities/names/n85121766 
700 1 |a Henchman, Daniel,  |d 1689-1761,  |e bookseller.  |0 http://id.loc.gov/authorities/names/n85387586 
710 2 |a Gale (Firm)  |0 http://id.loc.gov/authorities/names/no2008071348 
752 |a United States  |b Massachusetts  |d Boston. 
856 4 0 |u http://proxy.library.tamu.edu/login?url=http://find.galegroup.com/ecco/infomark.do?contentSet=ECCOArticles&docType=ECCOArticles&bookId=1557800600&type=getFullCitation&tabID=T001&prodId=ECCO&docLevel=TEXT_GRAPHICS&version=1.0&source=library&userGroupName=txshracd2898  |z Connect to the full text of this electronic book  |t 0 
999 f f |s c7e8f692-2634-3460-a866-d5965d8cf3fb  |i b229ed1c-620c-352b-814f-1ba3ab8b9706  |t 0 
952 f f |a Texas A&M University  |b College Station  |c Electronic Resources  |d Available Online  |t 0  |e Z1215 .S763 1717  |h Library of Congress classification 
998 f f |a Z1215 .S763 1717  |t 0  |l Available Online